[Event "Zhukovsky Winter op"]
[Site "Zhukovsky"]
[Date "2014.??.??"]
[Round "2"]
[White "Kuznetsov, Yuriy"]
[Black "Tarabtsev, Ivan"]
[Result "0-1"]
[WhiteElo "1806"]
[BlackElo "2051"]
[PlyCount "82"]
[EventDate "2014.11.22"]
[EventType "swiss"]
[EventRounds "9"]
[EventCountry "RUS"]
[SourceTitle "EXT 2016"]
[Source "ChessBase"]
[SourceDate "2015.10.08"]
[SourceVersion "1"]
[SourceVersionDate "2015.10.08"]
[SourceQuality "1"]

1. d4 d5 2. c4 e6 3. Nf3 Nf6 4. Nc3 Be7 5. Bg5 0-0 6. e3 b6 7. cxd5 exd5 8. Be2 Bb7 9. 0-0 Nbd7 10. a3 c5 11. Rc1 c4 12. Nd2 a6 13. Bf3 b5 14. b4 Bc6 15. Rb1 a5 16. Qc1 axb4 17. axb4 Nb6 18. h3 Na4 19. Bf4 Qd7 20. Qc2 Ra7 21. Rfd1 Rfa8 22. Be5 Nxc3 23. Qxc3 Ra3 24. Qc1 Ne4 25. Nxe4 dxe4 26. Bg4 f5 27. Be2 Bd5 28. Rd2 R8a4 29. g4 Rxb4 30. gxf5 Rxb1 31. Qxb1 b4 32. Kh2 Qxf5 33. Bg4 Qf7 34. f4 c3 35. Rg2 Bf8 36. Qg1 b3 37. Bh5 Qa7 38. f5 Ra2 39. f6 Rxg2+ 40. Qxg2 Qa2 41. f7+ Kh8 0-1

[Event "Zhukovsky op"]
[Site "Zhukovsky"]
[Date "2014.??.??"]
[Round "4"]
[White "Tarabtsev, Ivan"]
[Black "Chumurin, Aleksandr"]
[Result "1-0"]
[WhiteElo "2051"]
[BlackElo "1961"]
[PlyCount "79"]
[EventDate "2014.08.08"]
[EventType "swiss"]
[EventRounds "9"]
[EventCountry "RUS"]
[SourceTitle "CBM 162 Extra"]
[Source "ChessBase"]
[SourceDate "2014.10.17"]
[SourceVersion "1"]
[SourceVersionDate "2014.10.17"]
[SourceQuality "1"]

1. Nf3 e6 2. c4 Nf6 3. d4 d5 4. Nc3 Bb4 5. Bg5 Bxc3+ 6. bxc3 h6 7. Bh4 g5 8. Bg3 Ne4 9. Qc2 Nxg3 10. hxg3 Nc6 11. e3 g4 12. Nd2 Ne7 13. Be2 f5 14. cxd5 Qxd5 15. e4 Qc6 16. a4 a6 17. Nc4 Qxe4 18. Qxe4 fxe4 19. Bxg4 Nc6 20. Bh5+ Ke7 21. Bg6 Bd7 22. Bxe4 b5 23. Ne5 Nxe5 24. Bxa8 Nd3+ 25. Ke2 Nb2 26. Be4 Nxa4 27. Kd2 Kd6 28. Bc2 Bc6 29. Bxa4 bxa4 30. f3 Kd5 31. Rh5+ Kd6 32. Rhh1 Kd5 33. Rab1 Rg8 34. g4 Rg6 35. Rh5+ Kd6 36. c4 Rg5 37. Rxg5 hxg5 38. Kc3 a5 39. Re1 Bd7 40. Re5 1-0

[Event "Zhukovsky op"]
[Site "Zhukovsky"]
[Date "2014.??.??"]
[Round "6"]
[White "Tarabtsev, Ivan"]
[Black "Lavrentjeva, Galina"]
[Result "0-1"]
[WhiteElo "2051"]
[BlackElo "2029"]
[PlyCount "90"]
[EventDate "2014.08.08"]
[EventType "swiss"]
[EventRounds "9"]
[EventCountry "RUS"]
[SourceTitle "CBM 162 Extra"]
[Source "ChessBase"]
[SourceDate "2014.10.17"]
[SourceVersion "1"]
[SourceVersionDate "2014.10.17"]
[SourceQuality "1"]

1. Nf3 c5 2. c4 Nc6 3. d4 cxd4 4. Nxd4 g6 5. Nc3 Bg7 6. Nc2 Bxc3+ 7. bxc3 Nf6 8. Nd4 d6 9. e3 Qa5 10. Bd2 Ne4 11. Bd3 Nxd2 12. Qxd2 Ne5 13. 0-0 Nxd3 14. Qxd3 0-0 15. Rfb1 Qc5 16. Rb5 Qc7 17. h4 Bd7 18. Rb3 Rac8 19. Qe4 b6 20. Qxe7 Be6 21. Qxc7 Rxc7 22. Nxe6 fxe6 23. Rd1 Rc6 24. Ra3 Rf7 25. Kf1 Rfc7 26. Ke2 Kf7 27. Ra4 Ke7 28. Rd4 Rc5 29. Rb4 Ra5 30. a4 Rc6 31. Kd3 Rcc5 32. g4 g5 33. h5 Rc8 34. Rb5 Rc5 35. Rb4 h6 36. Kc2 Rc8 37. Kb3 e5 38. Re4 Rf8 39. Rb5 Rxf2 40. Rxa5 bxa5 41. c5 Rg2 42. cxd6+ Kxd6 43. Kc4 Rd2 44. Kb5 Kd5 45. Rc4 Rb2+ 0-1

[Event "Zhukovsky op"]
[Site "Zhukovsky"]
[Date "2012.04.??"]
[Round "5"]
[White "Tarabtsev, Ivan"]
[Black "Kuznetsov, Yuri"]
[Result "1-0"]
[WhiteElo "2003"]
[BlackElo "2022"]
[PlyCount "73"]
[EventDate "2012.04.??"]
[EventType "swiss"]
[EventRounds "9"]
[EventCountry "RUS"]
[SourceTitle "EXT 2014"]
[Source "ChessBase"]
[SourceDate "2013.11.20"]
[SourceVersion "1"]
[SourceVersionDate "2013.11.20"]
[SourceQuality "1"]

1. Nf3 Nc6 2. d4 d5 3. c4 e6 4. Nc3 Nf6 5. Bg5 Be7 6. e3 h6 7. Bh4 Ne4 8. Bxe7 Qxe7 9. Qb3 Nxc3 10. bxc3 dxc4 11. Qxc4 0-0 12. Be2 e5 13. 0-0 e4 14. Nd2 Na5 15. Qd5 Nc6 16. Qxe4 Qxe4 17. Nxe4 Ne7 18. Bf3 Rd8 19. Rab1 c6 20. c4 b6 21. c5 b5 22. Nd6 Be6 23. Rb2 a5 24. Rd1 Rab8 25. e4 f6 26. d5 Bd7 27. Rdb1 Kf8 28. Nc4 a4 29. Nb6 Rxb6 30. cxb6 Ng6 31. Be2 cxd5 32. exd5 Nf4 33. Bxb5 Bxb5 34. Rxb5 Ne2+ 35. Kf1 Nc3 36. b7 Rb8 37. Rc5 1-0

[Event "Zhukovsky op"]
[Site "Zhukovsky"]
[Date "2011.02.22"]
[Round "6"]
[White "Tarabtsev, Ivan"]
[Black "Kuznetsov, Yuri"]
[Result "1-0"]
[WhiteElo "2001"]
[BlackElo "2022"]
[PlyCount "105"]
[EventDate "2011.02.17"]
[EventType "swiss"]
[EventRounds "9"]
[EventCountry "RUS"]
[SourceTitle "CBM 141 Extra"]
[Source "ChessBase"]
[SourceDate "2011.05.03"]
[SourceVersion "1"]
[SourceVersionDate "2011.05.03"]
[SourceQuality "1"]

1. Nf3 Nf6 2. c4 d5 3. b3 Nc6 4. d4 e6 5. Bb2 Be7 6. g3 0-0 7. Bg2 b6 8. 0-0 Bb7 9. Nc3 Rb8 10. cxd5 exd5 11. Rc1 Na5 12. Ne5 Bd6 13. Nb5 a6 14. Nxd6 cxd6 15. Nd3 Nc6 16. Nf4 Ne7 17. e3 Bc8 18. Qc2 Bf5 19. Qd2 a5 20. Ba3 Ne4 21. Qe2 Qd7 22. f3 Nf6 23. e4 dxe4 24. fxe4 Bg4 25. Qe3 Rfe8 26. h3 Bh5 27. Nxh5 Nxh5 28. Qg5 g6 29. g4 Ng7 30. Qf6 Qe6 31. Bxd6 Rbc8 32. Bxe7 Rxc1 33. Rxc1 Qxe7 34. Qxe7 Rxe7 35. Rc8+ Re8 36. Rxe8+ Nxe8 37. Kf2 f6 38. Ke3 Kf7 39. Bf1 Nd6 40. Bc4+ Ke7 41. e5 fxe5 42. dxe5 Nxc4+ 43. bxc4 g5 44. a4 Kd7 45. Ke4 Ke6 46. Kd4 Ke7 47. Kd5 Kd7 48. e6+ Ke7 49. Ke5 h6 50. Kd5 Ke8 51. Kd6 Kd8 52. e7+ Ke8 53. Ke6 1-0

[Event "Zhukovsky op"]
[Site "Zhukovsky"]
[Date "2011.02.19"]
[Round "3"]
[White "Domnin, Vladimir"]
[Black "Tarabtsev, Ivan"]
[Result "1/2-1/2"]
[WhiteElo "1991"]
[BlackElo "2001"]
[PlyCount "81"]
[EventDate "2011.02.17"]
[EventType "swiss"]
[EventRounds "9"]
[EventCountry "RUS"]
[SourceTitle "CBM 141 Extra"]
[Source "ChessBase"]
[SourceDate "2011.05.03"]
[SourceVersion "1"]
[SourceVersionDate "2011.05.03"]
[SourceQuality "1"]

1. e4 c6 2. d4 d5 3. exd5 cxd5 4. Nf3 Nf6 5. Bd3 e6 6. 0-0 Be7 7. Bf4 0-0 8. Nc3 Nc6 9. Re1 a6 10. a3 b5 11. h3 Bb7 12. Ne2 b4 13. axb4 Nxb4 14. c3 Nxd3 15. Qxd3 Qb6 16. b4 Bc6 17. Ne5 Bb5 18. Qc2 Rfc8 19. Qb2 Ne4 20. Rac1 Bc4 21. Nxc4 Rxc4 22. f3 Nd6 23. Bxd6 Bxd6 24. Kh1 Qb5 25. Ra1 h6 26. Ra5 Qb6 27. Rea1 Qb7 28. Qa2 Rc6 29. Nc1 Rxc3 30. b5 Rac8 31. Ne2 Rc2 32. bxa6 Rxa2 33. axb7 Rxa1+ 34. Rxa1 Rb8 35. Ra8 Kf8 36. Nc3 Ke7 37. Nb5 Rxb7 38. Nxd6 Kxd6 39. Kh2 e5 40. Ra6+ Kd7 41. dxe5 1/2-1/2

[Event "Zhukovsky op 05"]
[Site "Zhukovsky"]
[Date "2011.??.??"]
[Round "7"]
[White "Fyodorova, Irina"]
[Black "Tarabtsev, Ivan"]
[Result "0-1"]
[WhiteElo "1951"]
[BlackElo "2001"]
[PlyCount "62"]
[EventDate "2011.05.15"]
[EventType "swiss"]
[EventRounds "9"]
[EventCountry "RUS"]
[SourceTitle "EXT 2012"]
[Source "ChessBase"]
[SourceDate "2011.11.24"]
[SourceVersion "1"]
[SourceVersionDate "2011.11.24"]
[SourceQuality "1"]

1. e4 c6 2. c4 d5 3. exd5 cxd5 4. cxd5 Qxd5 5. Nc3 Qa5 6. d4 e6 7. Nf3 Nf6 8. Bd3 Nc6 9. 0-0 Be7 10. Bf4 a6 11. Qd2 0-0 12. a3 b5 13. Rfd1 Rd8 14. Bc2 Bb7 15. Qd3 Qb6 16. Ne2 Rac8 17. Rac1 Na5 18. Ne5 Be4 19. Qd2 Bxc2 20. Rxc2 Nb3 21. Qd3 Rxc2 22. Qxc2 Nxd4 23. Rxd4 Rxd4 24. Be3 Qa5 25. b4 Rxb4 26. Qc8+ Bf8 27. h3 Qxa3 28. Nc6 Rc4 29. Ned4 h6 30. Bxh6 gxh6 31. Nxe6 Rc1+ 0-1

[Event "Zhukovsky op 05"]
[Site "Zhukovsky"]
[Date "2011.??.??"]
[Round "4"]
[White "Tarabtsev, Ivan"]
[Black "Vatolin, Aleksey"]
[Result "1-0"]
[WhiteElo "2001"]
[BlackElo "1668"]
[PlyCount "67"]
[EventDate "2011.05.15"]
[EventType "swiss"]
[EventRounds "9"]
[EventCountry "RUS"]
[SourceTitle "EXT 2012"]
[Source "ChessBase"]
[SourceDate "2011.11.24"]
[SourceVersion "1"]
[SourceVersionDate "2011.11.24"]
[SourceQuality "1"]

1. Nf3 Nf6 2. c4 e6 3. b3 c5 4. Bb2 Nc6 5. g3 Be7 6. Bg2 0-0 7. 0-0 b6 8. d4 cxd4 9. Nxd4 Bb7 10. Nc3 Rb8 11. e4 Bc5 12. Nc2 Nb4 13. Ne1 a5 14. a3 Na6 15. Nd3 Bd4 16. Re1 d6 17. Nf4 Be5 18. Nfe2 Nc5 19. f4 Bxc3 20. Nxc3 Qc7 21. Qc2 Rfd8 22. Rad1 Bc6 23. b4 axb4 24. axb4 Ncd7 25. Nd5 exd5 26. cxd5 b5 27. dxc6 Rbc8 28. e5 dxe5 29. fxe5 Ne8 30. Qf5 Nb6 31. e6 fxe6 32. Qxe6+ Kh8 33. Rxd8 Qxd8 34. c7 1-0

[Event "Ramenskoe"]
[Site "Ramenskoe"]
[Date "2010.04.??"]
[Round "8"]
[White "Rybakov, Sergey1111"]
[Black "Tarabtsev, Ivan"]
[Result "1-0"]
[WhiteElo "2207"]
[BlackElo "1998"]
[PlyCount "151"]
[EventDate "2010.04.??"]
[EventType "swiss"]
[EventRounds "9"]
[EventCountry "RUS"]
[SourceTitle "EXT 2012"]
[Source "ChessBase"]
[SourceDate "2011.11.24"]
[SourceVersion "1"]
[SourceVersionDate "2011.11.24"]
[SourceQuality "1"]

1. d4 Nf6 2. Bg5 e6 3. Nc3 Be7 4. e4 d6 5. Nf3 0-0 6. Bd3 c5 7. dxc5 dxc5 8. Qe2 a6 9. 0-0-0 Qc7 10. e5 Nd5 11. Qe4 g6 12. Bxe7 Qxe7 13. Nxd5 exd5 14. Qxd5 Rd8 15. Qe4 Nc6 16. Qf4 Be6 17. Qh6 Qf8 18. Qxf8+ Kxf8 19. Be4 Ke7 20. Ng5 h6 21. Nxe6 Kxe6 22. f4 g5 23. Bxc6 bxc6 24. fxg5 hxg5 25. Rhf1 Rxd1+ 26. Kxd1 g4 27. h4 gxh3 28. gxh3 Rh8 29. Rf6+ Kd5 30. Rxf7 Rxh3 31. Rd7+ Kxe5 32. Kd2 Rh4 33. Kc3 Ke6 34. Rd8 Ke7 35. Ra8 Ra4 36. a3 Kd7 37. Kb3 Rh4 38. Rxa6 Kc7 39. Ra4 Rh3+ 40. c3 Kb6 41. Rg4 Rh2 42. a4 Rf2 43. Rg8 Rf4 44. Rg5 Rh4 45. Ka3 Rh3 46. Kb3 Rh4 47. a5+ Kxa5 48. Rxc5+ Kb6 49. Rc4 Rh5 50. Rb4+ Ka5 51. Rb8 Rh4 52. c4 Rg4 53. c5 Rg5 54. Kc4 Rg4+ 55. Kc3 Rg3+ 56. Kd4 Rg6 57. b3 Rh6 58. Rb6 Rg6 59. Kc4 Rg4+ 60. Kc3 Rg3+ 61. Kd4 Rg6 62. Kc3 Rg3+ 63. Kd4 Rg6 64. Rb8 Rh6 65. Kc3 Rh3+ 66. Kb2 Rh6 67. Ka3 Ka6 68. Ka4 Ka7 69. Rb6 Rg6 70. Ka5 Rg3 71. Ka4 Rg6 72. b4 Rh6 73. Ka5 Rg6 74. b5 Rg1 75. Rxc6 Ra1+ 76. Kb4 1-0

[Event "Ramenskoe"]
[Site "Ramenskoe"]
[Date "2010.04.??"]
[Round "9"]
[White "Tarabtsev, Ivan"]
[Black "Spitsyn, Mikhail"]
[Result "1-0"]
[WhiteElo "1998"]
[BlackElo "1887"]
[PlyCount "29"]
[EventDate "2010.04.??"]
[EventType "swiss"]
[EventRounds "9"]
[EventCountry "RUS"]
[SourceTitle "EXT 2012"]
[Source "ChessBase"]
[SourceDate "2011.11.24"]
[SourceVersion "1"]
[SourceVersionDate "2011.11.24"]
[SourceQuality "1"]

1. Nf3 c5 2. c4 Nf6 3. b3 g6 4. Bb2 Bg7 5. g3 0-0 6. Bg2 Nc6 7. 0-0 d6 8. d4 cxd4 9. Nxd4 Bd7 10. Nd2 Nxd4 11. Bxd4 Bc6 12. Nf3 Ne4 13. Bxg7 Kxg7 14. Nd4 f5 15. Ne6+ 1-0

[Event "Zhukovsky op"]
[Site "Zhukovsky"]
[Date "2010.??.??"]
[Round "9"]
[White "Andreev, Gennadiy"]
[Black "Tarabtsev, Ivan"]
[Result "0-1"]
[WhiteElo "2077"]
[BlackElo "1977"]
[PlyCount "96"]
[EventDate "2010.05.14"]
[EventType "swiss"]
[EventRounds "9"]
[EventCountry "RUS"]
[SourceTitle "EXT 2011"]
[Source "ChessBase"]
[SourceDate "2010.11.26"]
[SourceVersion "1"]
[SourceVersionDate "2010.11.26"]
[SourceQuality "1"]

1. Nf3 Nf6 2. d4 g6 3. c4 Bg7 4. Nc3 0-0 5. e4 d6 6. Bf4 Nbd7 7. Qd2 c6 8. Be2 Qc7 9. Bh6 e5 10. h4 a6 11. h5 b5 12. Bxg7 Kxg7 13. hxg6 fxg6 14. Qh6+ Kg8 15. Ng5 Nb8 16. 0-0-0 Ra7 17. Rh4 b4 18. Na4 exd4 19. c5 d5 20. Bf3 dxe4 21. Bxe4 Ng4 22. Rxg4 Bxg4 23. f3 Qf4+ 24. Kb1 Bf5 25. Rxd4 Re7 26. g3 Qxg3 27. Bxf5 gxf5 28. Rd1 Nd7 29. b3 Rf6 30. Qh5 Rg6 31. Nh3 Re1 32. Nb2 Rxd1+ 33. Nxd1 Qe5 34. Nhf2 Nxc5 35. Qh4 Ne6 36. Qxb4 Nd4 37. Qc4+ Kg7 38. Qxa6 Nxf3 39. a4 Rd6 40. a5 Nd2+ 41. Kc2 Ne4 42. Qa7+ Kg6 43. Nxe4 Qxe4+ 44. Kc1 Qf4+ 45. Ne3 Rd3 46. Kb2 Qxe3 47. Qb7 Qd2+ 48. Kb1 Qc3 0-1

[Event "Zhukovsky op"]
[Site "Zhukovsky"]
[Date "2010.??.??"]
[Round "1"]
[White "Tarabtsev, Ivan"]
[Black "Belyaev, Oleg"]
[Result "1/2-1/2"]
[WhiteElo "1977"]
[BlackElo "2122"]
[PlyCount "61"]
[EventDate "2010.05.14"]
[EventType "swiss"]
[EventRounds "9"]
[EventCountry "RUS"]
[SourceTitle "EXT 2011"]
[Source "ChessBase"]
[SourceDate "2010.11.26"]
[SourceVersion "1"]
[SourceVersionDate "2010.11.26"]
[SourceQuality "1"]

1. Nf3 Nf6 2. c4 c5 3. b3 b6 4. Bb2 Bb7 5. g3 d5 6. cxd5 Bxd5 7. Bg2 g6 8. 0-0 Bg7 9. d4 cxd4 10. Nxd4 Bxg2 11. Kxg2 0-0 12. Na3 Qd5+ 13. Nf3 Qxd1 14. Rfxd1 Nc6 15. Nc4 Nh5 16. Bxg7 Nxg7 17. Rac1 Rac8 18. e3 Rfd8 19. Nd4 Nxd4 20. exd4 b5 21. Na3 Rxc1 22. Rxc1 a6 23. Rc7 Ne6 24. Rxe7 Rxd4 25. Ra7 Rd2 26. Rxa6 Rxa2 27. Ra5 b4 28. Nc4 Rxa5 29. Nxa5 Nc5 30. Nc6 Nxb3 31. Nxb4 1/2-1/2

[Event "Zhukovsky op-A"]
[Site "Zhukovsky"]
[Date "2008.11.28"]
[Round "5"]
[White "Tarabtsev, Ivan"]
[Black "Belyaev, Oleg"]
[Result "0-1"]
[WhiteElo "1938"]
[BlackElo "2120"]
[PlyCount "140"]
[EventDate "2008.11.28"]
[EventType "swiss"]
[EventRounds "9"]
[EventCountry "RUS"]
[SourceTitle "EXT 2022"]
[Source "ChessBase"]
[SourceDate "2021.10.06"]
[SourceVersion "1"]
[SourceVersionDate "2021.10.06"]
[SourceQuality "1"]

1. Nf3 d5 2. c4 e6 3. b3 Be7 4. Bb2 Bf6 5. Bxf6 Nxf6 6. d4 c5 7. e3 Nc6 8. Be2 0-0 9. 0-0 b6 10. cxd5 exd5 11. dxc5 bxc5 12. Nc3 Be6 13. Na4 Qe7 14. Qc1 Nd7 15. Rd1 Rac8 16. Qb2 Rb8 17. Rac1 Rfc8 18. Qd2 Nb4 19. h3 h6 20. Nc3 Nf6 21. Bf1 Rd8 22. Qb2 Nc6 23. Be2 c4 24. Nd4 Nxd4 25. Rxd4 Qb7 26. Bd1 Ne4 27. Qe2 Nc5 28. bxc4 dxc4 29. Rb1 Qc6 30. Rxb8 Rxb8 31. Bc2 g6 32. Ne4 Nxe4 33. Bxe4 Qc5 34. Qc2 Kh7 35. Bf3 Qa3 36. Rd2 c3 37. Rd3 Rc8 38. Rd1 Bxa2 39. Ra1 Bb3 40. Rxa3 Bxc2 41. Ra1 Bd3 42. Bd1 c2 43. Bxc2 Rxc2 44. Rxa7 Kg7 45. Rd7 Bf5 46. Rd4 Be6 47. g4 g5 48. Kg2 Kg6 49. Kg3 h5 50. gxh5+ Kxh5 51. Re4 Rc1 52. h4 g4 53. Re5+ Kh6 54. f3 gxf3 55. Kxf3 Rh1 56. Kg2 Rh3 57. Kf2 Rxh4 58. Ra5 Kg6 59. Rc5 f5 60. Ra5 Kg5 61. Re5 Bc4 62. Re7 Bd3 63. Rg7+ Kf6 64. Ra7 Be4 65. Ra3 Rg4 66. Rc3 Rg2+ 67. Kf1 Kg5 68. Rc8 Rc2 69. Rh8 Bd3+ 70. Kg1 Kg4 0-1

[Event "Zhukovsky op"]
[Site "Zhukovsky"]
[Date "2008.??.??"]
[Round "7"]
[White "Tarabtsev, Ivan"]
[Black "Shebchenko, Vladimir"]
[Result "0-1"]
[WhiteElo "1917"]
[BlackElo "1946"]
[PlyCount "120"]
[EventDate "2008.08.22"]
[EventType "swiss"]
[EventRounds "9"]
[EventCountry "RUS"]
[SourceTitle "CBM 126 Extra"]
[Source "ChessBase"]
[SourceDate "2008.11.05"]
[SourceVersion "1"]
[SourceVersionDate "2008.11.05"]
[SourceQuality "1"]

1. Nf3 Nf6 2. c4 g6 3. b3 Bg7 4. Bb2 0-0 5. g3 d6 6. d4 c5 7. Bg2 cxd4 8. Nxd4 d5 9. cxd5 Nxd5 10. e4 Qa5+ 11. Qd2 Qxd2+ 12. Nxd2 Nb4 13. 0-0 Bxd4 14. Bxd4 Nc2 15. Nf3 Nxa1 16. Bxa1 Nc6 17. h3 f6 18. e5 Bf5 19. a3 Kf7 20. b4 a6 21. Nd4 Nxe5 22. Nxf5 gxf5 23. Bxb7 Ra7 24. Bg2 Rd8 25. a4 Rad7 26. b5 axb5 27. axb5 Rd1 28. Bc3 Rxf1+ 29. Bxf1 Rc8 30. Ba5 Nc4 31. Bb4 e5 32. Be2 Ke6 33. Bd1 Rb8 34. Bb3 Kd5 35. Ba4 Nb2 36. Bb3+ Kd4 37. Be6 Rxb5 38. Be7 Ke4 39. Bg8 Rb6 40. Kg2 Nd3 41. Bc4 Ne1+ 42. Kf1 Nf3 43. Kg2 Ne1+ 44. Kf1 Rb1 45. h4 Nf3+ 46. Kg2 Rg1+ 47. Kh3 Rh1+ 48. Kg2 Rh2+ 49. Kf1 Nd2+ 50. Kg1 Nf3+ 51. Kf1 Rh1+ 52. Kg2 Rg1+ 53. Kh3 Ne1 54. Kh2 Rg2+ 55. Kh1 Rxf2 56. Kg1 Kf3 57. Bxf6 e4 58. Be5 Nd3 59. Bc7 Rc2 60. Bxd3 exd3 0-1